Health, wealth and happiness : (Record no. 5455)
[ view plain ]
| 000 -LEADER | |
|---|---|
| fixed length control field | 00684nam a2200229Ii 4500 |
| 001 - CONTROL NUMBER | |
| control field | 5949 |
| 003 - CONTROL NUMBER IDENTIFIER | |
| control field | GBCCL |
| 005 - DATE AND TIME OF LATEST TRANSACTION | |
| control field | 20241126110542.0 |
| 008 - FIXED-LENGTH DATA ELEMENTS--GENERAL INFORMATION | |
| fixed length control field | 800123s1974 pau 00010 eng d |
| 020 ## - INTERNATIONAL STANDARD BOOK NUMBER | |
| International Standard Book Number | 0914964011 |
| 035 ## - SYSTEM CONTROL NUMBER | |
| System control number | OCM05906299 |
| 040 ## - CATALOGING SOURCE | |
| Original cataloging agency | ICW |
| Transcribing agency | ICW |
| Modifying agency | m.c. |
| -- | LBB |
| 049 ## - | |
| -- | LBBK |
| 082 ## - DEWEY DECIMAL CLASSIFICATION NUMBER | |
| Classification number | 223.706 |
| Item number | NEI |
| 092 ## - LOCALLY ASSIGNED DEWEY CALL NUMBER (OCLC) | |
| Item number | N397 |
| 100 10 - MAIN ENTRY--PERSONAL NAME | |
| Personal name | Neighbour, Ralph Webster, |
| Dates associated with a name | 1929- |
| 9 (RLIN) | 6254 |
| 245 10 - TITLE STATEMENT | |
| Title | Health, wealth and happiness : |
| Remainder of title | a key to successful living / |
| Statement of responsibility, etc. | Ralph W. Neighbour. |
| 260 0# - PUBLICATION, DISTRIBUTION, ETC. | |
| Place of publication, distribution, etc. | Newtown, Penn. : |
| Name of publisher, distributor, etc. | Timothy Books, |
| Date of publication, distribution, etc. | 1974. |
| 300 ## - PHYSICAL DESCRIPTION | |
| Extent | vi, 174 p. ; |
| Dimensions | 18 cm. |
| 630 00 - SUBJECT ADDED ENTRY--UNIFORM TITLE | |
| Uniform title | Bible. |
| Name of part/section of a work | O.T. |
| -- | Proverbs |
| General subdivision | Criticism, interpretation, etc. |
| 9 (RLIN) | 9804 |
| 942 ## - ADDED ENTRY ELEMENTS (KOHA) | |
| Source of classification or shelving scheme | Dewey Decimal Classification |
| Koha item type | Books |
| Koha issues (borrowed), all copies | 5 |
| Withdrawn status | Lost status | Source of classification or shelving scheme | Damaged status | Not for loan | Home library | Current Library | Shelving location | Date acquired | Total checkouts | Full call number | Barcode | Date last seen | Date last checked out | Copy number | Price effective from | Koha item type |
|---|---|---|---|---|---|---|---|---|---|---|---|---|---|---|---|---|
| Dewey Decimal Classification | GRACE BIBLE COLLEGE | GRACE BIBLE COLLEGE | Biblical Studies | 2018-03-21 | 5 | 223.706 NEI | 009490 | 2025-05-01 | 2020-03-09 | c.1 | 2018-03-21 | Books |